Cuerpos fotografiados por Errázuriz

Wedi'i Gadw mewn:
Manylion Llyfryddiaeth
Awdur Corfforaethol: Taller Experimental Cuerpos Pintados (Awdur)
Fformat: Llyfr
Iaith:Sbaeneg
Cyhoeddwyd: Santiago Taller Experimental Cuerpos Pintados 2004
Rhifyn:1a. ed
Cyfres:Fotografía, C12
Pynciau:
Tagiau: Ychwanegu Tag
Dim Tagiau, Byddwch y cyntaf i dagio'r cofnod hwn!

MARC

LEADER 00000cam a2200000 a 4500
001 UCF2770
003 CL-VaPUC
008 120910e20040000CL |||||||||||||||||spa|d
020 |a 9568371087 
082 0 4 |a 709.421  |b TAL  |2 21 
110 2 |a Taller Experimental Cuerpos Pintados  |e author  |9 564568 
245 1 0 |a Cuerpos fotografiados por Errázuriz 
250 |a 1a. ed 
300 |a 95 p 
942 |c BK 
945 |d 20120910 00:00:00  |a dcastane 
260 |a Santiago  |b Taller Experimental Cuerpos Pintados  |c 2004 
500 |a Fotografías de Paz Errázuriz 
650 0 |a Fotografía  |9 268495 
650 0 |a Fotografía artística  |9 269391 
650 7 |a FOTOGRAFIA DE PERSONAS  |2 CL-VaPUC  |9 564569 
583 |a last modification  |c 20120910 11:39:00  |k Rodrigo Vera 
490 0 |a Fotografía, C12 
999 |c 349309  |d 349307 
952 |0 0  |1 0  |4 0  |6 709_421000000000000_TAL_2004  |7 0  |8 X  |9 451885  |a BIBART  |b BIBART  |d 2019-11-22  |i 4896165  |o 709.421 TAL 2004  |p 4896165  |r 2025-03-13  |w 2019-11-22  |y BK_X  |k ART